[Event "October Standard"]
[Site "SchemingMind.com"]
[Date "2005.10.03"]
[Round "-"]
[White "loco61"]
[Black "cnbcad"]
[Result "1-0"]
[WhiteCountry "ENG"]
[BlackCountry "USA"]
[WhiteElo "1551"]
[WhiteRD "59"]
[BlackElo "1532"]
[BlackRD "52"]
[GameID "26482"]

1. e4 e5 2. Nf3 Nc6 3. Bc4 Be7 4. Nc3 Bc5 5. d3 Nf6 6. Bg5 h6 7. Bh4 O-O 8. Nd5 g5 9. Nxg5 hxg5 10. Bxg5 Be7
11. h4 Kg7 12. g4 d6 13. Nxf6 Bxf6 14. Bxf6+ Qxf6 15. c3 Rh8 16. h5 Qf4 17. f3 Qg3+ 18. Kd2 Na5 19. b4 Nxc4+ 20. dxc4 Qf4+
21. Kc2 Be6 22. Kb3 d5 23. cxd5 Bd7 24. Qe2 a5 25. a4 b5 26. axb5 a4+ 27. Ka3 Rhb8 28. c4 Qg3 29. Rag1 Qf4 30. h6+ Kh7
31. g5 Rg8 32. Rh5 Be8 33. Rhh1 f6 34. Rg4 Rxg5 35. Rxf4 exf4 36. Qd3 Rg3 37. e5+ Bg6 38. Qe2 fxe5 39. Qxe5 Rxf3+ 40. Ka2 Rf2+
41. Ka1 Re8 42. Qxc7+
1-0

[Event "October Standard"]
[Site "SchemingMind.com"]
[Date "2005.10.04"]
[Round "-"]
[White "cnbcad"]
[Black "loco61"]
[Result "0-1"]
[WhiteCountry "USA"]
[BlackCountry "ENG"]
[WhiteElo "1530"]
[WhiteRD "50"]
[BlackElo "1594"]
[BlackRD "66"]
[GameID "26483"]

1. e4 e5 2. Nf3 Nc6 3. Bc4 h6 4. c3 Nf6 5. d4 exd4 6. cxd4 Bb4+ 7. Nc3 Qe7 8. O-O O-O 9. a3 Ba5 10. b4 Bb6
11. e5 Ne8 12. Re1 d6 13. Nd5 Qd7 14. Nxb6 axb6 15. Bb5 Qe6 16. d5 Qg6 17. dxc6 Bh3 18. cxb7 Qxg2#
0-1

[Event "October Standard"]
[Site "SchemingMind.com"]
[Date "2005.10.03"]
[Round "-"]
[White "lucyjugs"]
[Black "loco61"]
[Result "0-1"]
[WhiteCountry "GBR"]
[BlackCountry "ENG"]
[WhiteElo "1455"]
[WhiteRD "62"]
[BlackElo "1594"]
[BlackRD "66"]
[GameID "26539"]

1. d4 d5 2. c4 Nf6 3. Nc3 e6 4. Bg5 h6 5. Bh4 g5 6. Bg3 Bd6 7. Bxd6 Qxd6 8. c5 Qe7 9. Nf3 Nc6 10. e3 a6
11. Bd3 b5 12. O-O e5 13. dxe5 Nxe5 14. Nxe5 Qxe5 15. f4 gxf4 16. exf4 Qe3+ 17. Kh1 Qxc5 18. Re1+ Kd8 19. Ne4 Nxe4 20. Bxe4 c6
21. Rc1 Qd6 22. Rxc6 Qxc6 23. Bxd5 Qd6 24. Bxa8 Qxd1 25. Rxd1+ Kc7 26. Bd5 Rd8 27. Rc1+ Kd6 28. Bxf7 Rf8 29. Rd1+ Ke7 30. Bd5 Rxf4
31. Kg1 h5 32. Bf3 h4 33. Re1+ Kd6 34. Re8 Be6 35. a3 h3 36. Rh8 hxg2 37. Kxg2 Rd4 38. Ra8 Ra4
0-1

[Event "October Standard"]
[Site "SchemingMind.com"]
[Date "2005.10.03"]
[Round "-"]
[White "lucyjugs"]
[Black "cnbcad"]
[Result "0-1"]
[WhiteCountry "GBR"]
[BlackCountry "USA"]
[WhiteElo "1299"]
[WhiteRD "62"]
[BlackElo "1532"]
[BlackRD "52"]
[GameID "26540"]

1. e4 e5 2. Nf3 Nc6 3. d4 Nxd4 4. Nxd4 c5 5. Nf3 a6 6. Nxe5 Qc7 7. Nf3 Nf6 8. Nc3 Qc6 9. e5 Ne4 10. Nxe4 Qxe4+
11. Qe2 Qb4+ 12. c3 Qb6 13. Be3 g6 14. b4 Bg7 15. Bxc5 Qe6 16. Ng5 Bxe5 17. Nxe6 Bxc3+ 18. Kd1 dxe6 19. Rc1 Bg7 20. b5 a5
0-1

[Event "October Standard"]
[Site "SchemingMind.com"]
[Date "2005.10.03"]
[Round "-"]
[White "loco61"]
[Black "lucyjugs"]
[Result "1-0"]
[WhiteCountry "ENG"]
[BlackCountry "GBR"]
[WhiteElo "1594"]
[WhiteRD "66"]
[BlackElo "1455"]
[BlackRD "62"]
[GameID "26541"]

1. e4 c5 2. Nf3 Nc6 3. Bc4 g6 4. c3 Bg7 5. d3 d6 6. Bg5 h6 7. Bh4 g5 8. Bg3 e5 9. Nbd2 Bg4 10. h3 Bxf3
11. Nxf3 Qd7 12. Qe2 Nge7 13. Bh2 f5 14. O-O O-O-O 15. exf5 Nxf5 16. Bd5 Bf6 17. a3 h5 18. b4 Nce7 19. Bc4 g4 20. hxg4 hxg4
21. Nd2 Ng6 22. g3 Qh7 23. f3 gxf3 24. Rxf3 Qh5 25. Be6+ Kb8 26. Bxf5 Nh4 27. g4 Nxf3+ 28. Nxf3 Rdg8 29. Qg2 Qf7 30. Rb1 Rg7
31. bxc5 dxc5 32. Bxe5+ Bxe5 33. Nxe5 Qc7 34. Nc6+ Ka8 35. Be4 Rhg8 36. Ne5 Qc8 37. Kf2 Rf8+ 38. Ke3 Qb8 39. d4 cxd4+ 40. cxd4
1-0

[Event "October Standard"]
[Site "SchemingMind.com"]
[Date "2005.10.04"]
[Round "-"]
[White "cnbcad"]
[Black "lucyjugs"]
[Result "1-0"]
[WhiteCountry "USA"]
[BlackCountry "GBR"]
[WhiteElo "1532"]
[WhiteRD "52"]
[BlackElo "1299"]
[BlackRD "62"]
[GameID "26542"]

1. e4 e5 2. Nf3 Nf6 3. Nxe5 d6 4. Nf3 Nxe4 5. Qe2 Qe7 6. d3 Nf6 7. Be3 Bg4 8. d4 Nd5 9. Nbd2 Nxe3 10. fxe3 Nd7
11. h3 Bxf3 12. Qxf3 O-O-O 13. Nc4 g6 14. Na5 d5 15. Bc4 Qb4+ 16. c3 Qxa5 17. Bxd5 c6 18. Bxf7 Bh6 19. Be6 Rhe8 20. Bxd7+
1-0

[Event "October Standard"]
[Site "SchemingMind.com"]
[Date "2005.10.03"]
[Round "-"]
[White "Atomov"]
[Black "loco61"]
[Result "1-0"]
[WhiteCountry "HUN"]
[BlackCountry "ENG"]
[WhiteElo "1652"]
[WhiteRD "92"]
[BlackElo "1594"]
[BlackRD "66"]
[GameID "26549"]

1. e4 e5 2. Nf3 Nc6 3. d4 exd4 4. Nxd4 Nxd4 5. Qxd4 c5 6. Qe3 b6 7. Nc3 Nf6 8. Bc4 Bb7 9. O-O Be7 10. Qg3 g6
11. Bh6 d6 12. e5 Nh5 13. Bb5+
1-0

[Event "October Standard"]
[Site "SchemingMind.com"]
[Date "2005.10.03"]
[Round "-"]
[White "Atomov"]
[Black "cnbcad"]
[Result "1-0"]
[WhiteCountry "HUN"]
[BlackCountry "USA"]
[WhiteElo "1741"]
[WhiteRD "78"]
[BlackElo "1473"]
[BlackRD "53"]
[GameID "26550"]

1. e4 e5 2. Nf3 Nc6 3. d4 Nxd4 4. Nxd4 exd4 5. Qxd4 c5 6. Qe3 d6 7. Nc3 Nf6 8. b3 Qa5 9. Bb2 g6 10. Bb5+ Bd7
11. Bxd7+ Nxd7 12. O-O Bg7 13. Nd1 Bxb2 14. Nxb2 O-O 15. Nc4 Qd8 16. Nxd6 b6 17. Rad1 Qc7 18. f4 Nf6 19. f5 Rad8 20. e5 Ne8
21. Rf3 Nxd6 22. exd6 Rxd6 23. Rdf1 Rfd8 24. f6 Qc6 25. Qh6 Rxf6 26. Rxf6 Qe4 27. Rxf7 Qd4+ 28. Kh1 a5 29. Rf8+
1-0

[Event "October Standard"]
[Site "SchemingMind.com"]
[Date "2005.10.03"]
[Round "-"]
[White "Atomov"]
[Black "lucyjugs"]
[Result "1-0"]
[WhiteCountry "HUN"]
[BlackCountry "GBR"]
[WhiteElo "1714"]
[WhiteRD "81"]
[BlackElo "1299"]
[BlackRD "62"]
[GameID "26551"]

1. e4 c5 2. Nf3 Nc6 3. d4 cxd4 4. Nxd4 e5 5. Nf3 Nf6 6. Bc4 d6 7. Nc3 a6 8. Ng5 Be6 9. Bxe6 fxe6 10. Nxe6 Qd7
11. Nxf8 Rxf8 12. O-O Rd8 13. Bg5 h6 14. Bxf6 Rxf6 15. Nd5 Rg6 16. c3 Qh3 17. g3 Rd7 18. Qa4 h5 19. Rad1 h4 20. Rd3
1-0

[Event "October Standard"]
[Site "SchemingMind.com"]
[Date "2005.10.04"]
[Round "-"]
[White "loco61"]
[Black "Atomov"]
[Result "0-1"]
[WhiteCountry "ENG"]
[BlackCountry "HUN"]
[WhiteElo "1549"]
[WhiteRD "62"]
[BlackElo "1741"]
[BlackRD "78"]
[GameID "26552"]

1. e4 e5 2. Nf3 Nc6 3. Bc4 Bc5 4. d3 Nf6 5. Ng5 O-O 6. Nc3 d6 7. Nd5 Nd4 8. c3 Nxd5 9. Bxd5 Ne6 10. Nf3 c6
11. Bc4 d5 12. Bb3 Qd6 13. O-O Re8 14. g3 Nf8 15. Be3 b6 16. Rc1 Bg4 17. Bxc5 bxc5 18. Kg2 Rad8 19. h3 Bc8 20. a4 Re6
21. Nh4 Rh6 22. Nf5 Bxf5 23. exf5 Nd7 24. g4 Qf6 25. Qf3 Rb8 26. Bxd5 cxd5 27. Qxd5 Qd6 28. Qc4 Rxb2 29. Rb1 Rxb1 30. Rxb1 Nb6
31. Qe4 Qc6 32. Qxc6 Rxc6 33. a5 Nd7 34. Rb7 Nf8 35. Rxa7 g6 36. Ra8 c4 37. a6 cxd3 38. a7 Ra6 39. f3 d2 40. Rd8 Rxa7
41. Rxd2 Rc7 42. f6 Rxc3 43. g5 Rc8 44. Kf2 Ne6 45. h4 h6 46. Rd5 Nf4 47. Ra5 hxg5 48. hxg5 Nh3+ 49. Kg3 Nxg5 50. Rxe5 Nh7
51. f4 Nxf6 52. f5 Kg7 53. fxg6 Kxg6 54. Ra5 Nh5+ 55. Kf3 f5 56. Ra6+ Kg5 57. Ra5 Rc3+ 58. Kf2 Kg4 59. Ra4+ f4
0-1

[Event "October Standard"]
[Site "SchemingMind.com"]
[Date "2005.10.04"]
[Round "-"]
[White "cnbcad"]
[Black "Atomov"]
[Result "1-0"]
[WhiteCountry "USA"]
[BlackCountry "HUN"]
[WhiteElo "1448"]
[WhiteRD "55"]
[BlackElo "1738"]
[BlackRD "75"]
[GameID "26553"]

1. e4 e5 2. Nf3 Nc6 3. Bc4 Bc5 4. O-O Nf6 5. Ng5 O-O 6. c3 Na5 7. b4 Bxb4 8. Bxf7+ Rxf7 9. Nxf7 Kxf7 10. cxb4 Nc6
11. Qb3+ d5 12. exd5 Nxd5 13. Qf3+ Nf6 14. Bb2 Nxb4 15. Nc3 Qxd2 16. Ba3 Nc6 17. Ne4 Qa5 18. Nxf6 gxf6 19. Qh5+ Kg7 20. Bc1 Be6
21. Qh6+ Kg8 22. Bd2 Qd5 23. Rad1 Nd4 24. Qxf6 Rf8 25. Qg5+ Kh8 26. Qe7 Rg8 27. Bg5 Nf3+ 28. gxf3 Qxf3 29. h3 Qxh3 30. Qf6+ Rg7
31. Rd8+ Bg8 32. Rfd1 Qg4+ 33. Kf1 Qc4+ 34. Ke1 Qb4+ 35. Bd2 Qe4+ 36. Be3 Qb4+ 37. Ke2 Qc4+ 38. Ke1 Qb4+ 39. Kf1 Qc4+ 40. R1d3 Qxa2
41. Rxg8+
1-0

[Event "October Standard"]
[Site "SchemingMind.com"]
[Date "2005.10.03"]
[Round "-"]
[White "lucyjugs"]
[Black "Atomov"]
[Result "0-1"]
[WhiteCountry "GBR"]
[BlackCountry "HUN"]
[WhiteElo "1299"]
[WhiteRD "62"]
[BlackElo "1714"]
[BlackRD "81"]
[GameID "26554"]

1. e4 e5 2. Nf3 Nc6 3. d4 exd4 4. Nxd4 Nf6 5. Nxc6 bxc6 6. e5 Qe7 7. Qe2 Nd5 8. c4 Ba6 9. b3 Nb6 10. Bb2 Qe6
11. Nd2 Bb4 12. Qe3 Bb7 13. f4 d5 14. a3 Bxd2+ 15. Kxd2 dxc4 16. bxc4 Nxc4+ 17. Bxc4 Qxc4 18. Rhf1 Ba6 19. Rf3 O-O
0-1

[Event "October Standard"]
[Site "SchemingMind.com"]
[Date "2005.10.04"]
[Round "-"]
[White "e_castle3"]
[Black "loco61"]
[Result "1-0"]
[WhiteCountry "PHI"]
[BlackCountry "ENG"]
[WhiteElo "1704"]
[WhiteRD "113"]
[BlackElo "1549"]
[BlackRD "60"]
[GameID "26569"]

1. e4 e5 2. Nf3 Nc6 3. Bc4 h6 4. O-O Bc5 5. c3 Nf6 6. Re1 d6 7. d4 Bb6 8. dxe5 dxe5 9. Qxd8+ Kxd8 10. h3 Be6
11. Bxe6 fxe6 12. Na3 Ke7 13. Nc4 Nd7 14. b4 a6 15. a4 Kf6 16. Ba3 Rad8 17. Ne3 h5 18. b5 axb5 19. axb5 Ne7 20. Nc4 Rde8
21. Rad1 Rd8 22. Bxe7+ Kxe7 23. Ncxe5 Nxe5 24. Nxe5 Kf6 25. Nd7+ Ke7 26. Nxb6 cxb6 27. Kh2 e5 28. Kg3 Ke6 29. Kh4 Rc8 30. Rd3 g6
31. Red1 Rhf8 32. f3 Rg8 33. Kg5 Kf7 34. Rd7+ Ke6 35. R1d6#
1-0

[Event "October Standard"]
[Site "SchemingMind.com"]
[Date "2005.10.04"]
[Round "-"]
[White "e_castle3"]
[Black "cnbcad"]
[Result "1-0"]
[WhiteCountry "PHI"]
[BlackCountry "USA"]
[WhiteElo "1704"]
[WhiteRD "113"]
[BlackElo "1537"]
[BlackRD "55"]
[GameID "26570"]

1. e4 e5 2. Nf3 Nc6 3. Bc4 Be7 4. O-O Nf6 5. Re1 O-O 6. c3 Bc5 7. d4 exd4 8. cxd4 Bb4 9. Bd2 a6 10. a3 Ba5
11. b4 Bb6 12. Bg5 h6 13. Bh4 g5 14. Bg3 d6 15. Qd3 d5 16. exd5 Ne7 17. Nc3 Bf5 18. Qd2 Bg4 19. Nxg5 Nf5 20. Be5 Ng7
21. Nge4 Re8 22. Nxf6+ Kf8 23. Qxh6 Bf5 24. Qh8+ Ke7 25. d6+ cxd6 26. Ncd5+ Ke6 27. Bf4+
1-0

[Event "October Standard"]
[Site "SchemingMind.com"]
[Date "2005.10.04"]
[Round "-"]
[White "e_castle3"]
[Black "Atomov"]
[Result "0-1"]
[WhiteCountry "PHI"]
[BlackCountry "HUN"]
[WhiteElo "1690"]
[WhiteRD "73"]
[BlackElo "1741"]
[BlackRD "78"]
[GameID "26571"]

1. e4 e5 2. Nf3 Nc6 3. Bc4 Bc5 4. O-O Nf6 5. Nc3 d6 6. d3 Bg4 7. h3 Bh5 8. Be3 Nd4 9. g4 Bg6 10. Bxd4 Bxd4
11. Nxd4 exd4 12. Ne2 O-O 13. Nxd4 d5 14. exd5 Nxd5 15. Ne2 f5 16. Nf4 Bf7 17. Ng2 Qd7 18. f3 Rae8 19. Qd2 c6 20. Rae1 b5
21. Bb3 Nf6 22. Nh4 Bxb3 23. axb3 fxg4 24. hxg4 Qd4+ 25. Kg2 Nxg4 26. c3 Ne3+ 27. Rxe3 Qxe3 28. Qc2 Qg5+ 29. Kh3 Rf4 30. Ng2 Re6
31. Kh2 Rh6+ 32. Kg1 Qg3 33. Qe2 Rf8 34. Qe4 Rhf6 35. f4 Qg6 36. Qe3 Re8 37. Qxa7 Qxd3 38. b4 Rg6 39. f5 Rf8 40. Qc5 Rg5
41. Qxc6 Rgxf5 42. Rxf5 Qxf5 43. Kh2 Qh5+ 44. Kg1 Qe2 45. Qd5+ Kh8 46. b3 Rf1+ 47. Kh2 Qf3 48. Qd8+ Qf8 49. Qd7 Qb8+ 50. Kh3 Rf3+
0-1

[Event "October Standard"]
[Site "SchemingMind.com"]
[Date "2005.10.04"]
[Round "-"]
[White "e_castle3"]
[Black "lucyjugs"]
[Result "1-0"]
[WhiteCountry "PHI"]
[BlackCountry "GBR"]
[WhiteElo "1773"]
[WhiteRD "85"]
[BlackElo "1299"]
[BlackRD "62"]
[GameID "26572"]

1. e4 c5 2. Nf3 d6 3. Bc4 e6 4. O-O a6 5. Re1 b5 6. Bf1 Nc6 7. c3 Be7 8. d4 cxd4 9. cxd4 Nf6 10. a3 e5
11. d5 Na5 12. b4 Nb7 13. a4 bxa4 14. Rxa4 Qb6 15. Be3 Qd8 16. Rxa6 Rxa6 17. Bxa6 Nxe4 18. Qd3
1-0

[Event "October Standard"]
[Site "SchemingMind.com"]
[Date "2005.10.04"]
[Round "-"]
[White "loco61"]
[Black "e_castle3"]
[Result "0-1"]
[WhiteCountry "ENG"]
[BlackCountry "PHI"]
[WhiteElo "1551"]
[WhiteRD "59"]
[BlackElo "1773"]
[BlackRD "85"]
[GameID "26573"]

1. e4 e5 2. Nf3 Nc6 3. Bb5 d6 4. Nc3 a6 5. Bxc6+ bxc6 6. h3 Nf6 7. d3 Be7 8. Bd2 O-O 9. O-O c5 10. Bg5 c6
11. Qd2 Qc7 12. Ne2 h6 13. Bh4 Re8 14. c4 Rb8 15. b3 Bb7 16. Ng3 g5 17. Bxg5 hxg5 18. Qxg5+ Kh8 19. Nf5 Rg8 20. Qh6+ Nh7
21. g4 Rg6 22. Qh5 Rbg8 23. Kh2 Bc8 24. Rg1 Bf8 25. g5 Be6 26. h4 Qd7 27. Qg4 Nf6 28. Qg3 Bxf5 29. exf5 Qxf5 30. Rad1 Nh5
31. Qg4 Qxg4 32. Rxg4 R8g7 33. Re1 Nf4 34. Re3 Rh7 35. Kg3 Be7 36. Nh2 Kg8 37. f3 Kf8 38. a4 Ke8 39. Nf1 Kd7 40. Nd2 Ke6
41. Ne4 d5 42. cxd5+ cxd5 43. Nf2 Rh8 44. Nh3 Nxh3 45. Kxh3 Bxg5 46. f4 Bf6 47. fxe5 Bxe5 48. Rxg6+ fxg6 49. Kg4 Kf6 50. Rf3+ Kg7
51. Rh3 Rb8 52. Re3 Bf6 53. Re6 a5 54. Ra6 Rb4+ 55. Kf3 Bd8 56. Rd6 Bxh4 57. Rxd5 Be7 58. Rd7 Kf6 59. Ra7 Bd8 60. Rd7 Bb6
61. Rd6+ Kg5 62. Rd5+ Kh4 63. Rd6 Kh5 64. Re6 Rxb3 65. Re5+ g5 66. Re6 Rxd3+ 67. Ke2 Rb3 68. Kd2 Rb4 69. Re8 Rxa4
0-1

[Event "October Standard"]
[Site "SchemingMind.com"]
[Date "2005.10.04"]
[Round "-"]
[White "cnbcad"]
[Black "e_castle3"]
[Result "0-1"]
[WhiteCountry "USA"]
[BlackCountry "PHI"]
[WhiteElo "1532"]
[WhiteRD "52"]
[BlackElo "1773"]
[BlackRD "85"]
[GameID "26574"]

1. e4 e6 2. d4 d5 3. e5 c5 4. c3 Nc6 5. a3 Nge7 6. b4 b6 7. Bb5 Bd7 8. Nf3 Ng6 9. O-O Be7 10. bxc5 bxc5
11. Qa4 Qc7 12. dxc5 Bxc5 13. Be3 Bxe3 14. fxe3 Ngxe5 15. Nxe5 Nxe5 16. Bxd7+ Qxd7 17. Qb4 Nc6 18. Qf4 O-O 19. Nd2 Rac8 20. Nf3 f6
21. Nd4 e5 22. Qf5 Qxf5 23. Nxf5 Rb8 24. Rfd1 Rfd8 25. Ng3 Kf7 26. Nf5 g6 27. Ng3 f5 28. a4 Rb3 29. Ne2 Ke6 30. a5 Rdb8
31. a6 Rb2 32. Re1 R8b3 33. Rad1 Ra2 34. Ng3 Rxa6 35. c4 dxc4 36. Ne2 Raa3 37. Rc1 Na5 38. Ng3 Rxe3 39. Ne2 Rad3 40. Kf1 Kd5
41. Rb1 Nb3 42. Nc1 Rxe1+ 43. Kxe1 Nxc1 44. Rxc1 c3 45. Ke2 e4
0-1

[Event "October Standard"]
[Site "SchemingMind.com"]
[Date "2005.10.04"]
[Round "-"]
[White "Atomov"]
[Black "e_castle3"]
[Result "0-1"]
[WhiteCountry "HUN"]
[BlackCountry "PHI"]
[WhiteElo "1714"]
[WhiteRD "81"]
[BlackElo "1773"]
[BlackRD "85"]
[GameID "26575"]

1. e4 c5 2. Nf3 Nc6 3. d4 cxd4 4. Nxd4 Nxd4 5. Qxd4 Qc7 6. Nc3 e6 7. b3 a6 8. Bb2 Ne7 9. O-O-O Nc6 10. Qd2 Bb4
11. g4 b5 12. Qg5 Rg8 13. Kb1 Bb7 14. a3 Be7 15. Qd2 O-O-O 16. f4 b4 17. axb4 Bxb4 18. Qe2 Qxf4 19. Bg2 f6 20. Na4 Ba5
21. Bc3 Bxc3 22. Nxc3 Kb8 23. Na4 Qc7 24. Nc5 Ne5 25. Nxa6+ Bxa6 26. Qxa6 Rc8 27. Rd2 Qc5 28. Rhd1 Rc6 29. Qa1 Rgc8 30. h4 Rb6
31. Bf1 Nxg4 32. e5 Ne3 33. Bg2 Nxg2 34. Rxg2 Qc6 35. Rgd2 f5 36. Qd4 Rc7 37. h5 Kb7 38. Qg1 Qe4 39. Qxg7 Rxb3+
0-1

[Event "October Standard"]
[Site "SchemingMind.com"]
[Date "2005.10.04"]
[Round "-"]
[White "lucyjugs"]
[Black "e_castle3"]
[Result "0-1"]
[WhiteCountry "GBR"]
[BlackCountry "PHI"]
[WhiteElo "1299"]
[WhiteRD "62"]
[BlackElo "1773"]
[BlackRD "85"]
[GameID "26576"]

1. e4 e5 2. Nf3 Nc6 3. d4 exd4 4. Nxd4 Nxd4 5. Qxd4 Qf6 6. e5 Qb6 7. Qe4 Qb4+ 8. Qxb4 Bxb4+ 9. c3 Bc5 10. Bc4 d6
11. exd6 Bxd6 12. Nd2 Nf6 13. O-O O-O 14. Nf3 Bg4 15. Nd4 a6 16. f3 Bd7 17. Re1 h6 18. b3 b5
0-1

[Event "October Standard"]
[Site "SchemingMind.com"]
[Date "2005.10.08"]
[Round "-"]
[White "CHED"]
[Black "loco61"]
[Result "0-1"]
[WhiteCountry "USA"]
[BlackCountry "ENG"]
[WhiteElo "1595"]
[WhiteRD "131"]
[BlackElo "1594"]
[BlackRD "66"]
[GameID "27025"]

1. Nf3 Nc6 2. g3 e5 3. d3 d5 4. Bg2 Bf5 5. O-O Nf6 6. Nbd2 Bd6 7. c4 dxc4 8. Nxc4 O-O 9. Nxd6 cxd6 10. Bd2 Rc8
11. Rc1 Qd7 12. a3 Bh3 13. b4 d5 14. Qb3 h6 15. Rc2 e4 16. dxe4 dxe4 17. Nh4 Nd4 18. Qb1 Nxc2
0-1

[Event "October Standard"]
[Site "SchemingMind.com"]
[Date "2005.10.08"]
[Round "-"]
[White "CHED"]
[Black "cnbcad"]
[Result "0-1"]
[WhiteCountry "USA"]
[BlackCountry "USA"]
[WhiteElo "1552"]
[WhiteRD "104"]
[BlackElo "1537"]
[BlackRD "55"]
[GameID "27026"]

1. Nf3 d5 2. c4 Nf6 3. b3 e6 4. Bb2 Be7 5. g3 c6 6. Bg2 O-O 7. O-O dxc4 8. bxc4 Qb6 9. Qc2 e5 10. Nxe5 Nbd7
11. Nf3 Nc5 12. d4 Ne6 13. Rd1 Qc7 14. Nc3 Rd8 15. e3 b5 16. c5 Bd7 17. Ne5 b4 18. Ne2 a5 19. a3 bxa3 20. Rxa3 Nd5
21. Nc3 Nb4 22. Qf5 Ng5 23. Nxd7 Qxd7 24. Qf4 h6 25. Ne2 Nd5 26. Qe5 f6 27. Bxd5+ cxd5 28. Qf4 Nh3+
0-1

[Event "October Standard"]
[Site "SchemingMind.com"]
[Date "2005.10.08"]
[Round "-"]
[White "CHED"]
[Black "e_castle3"]
[Result "1-0"]
[WhiteCountry "USA"]
[BlackCountry "PHI"]
[WhiteElo "1552"]
[WhiteRD "104"]
[BlackElo "1704"]
[BlackRD "113"]
[GameID "27027"]

1. Nf3 Nc6 2. g3 g6 3. c4 Bg7 4. Bg2 Nf6 5. O-O O-O 6. Nc3 e6 7. b3 d5 8. cxd5 Nxd5 9. Bb2 Nxc3 10. Bxc3 f6
11. Rc1 Bd7 12. d4 Ne7 13. Bb4 Re8 14. e4 a5 15. Ba3 Bh6 16. Rc3 b5 17. Bc1 Bg7 18. e5 Nd5 19. Rc2 f5 20. Bg5 Qb8
21. a3 b4 22. a4 Ra6 23. Nd2 Bc6 24. Qe2 Nc3 25. Qxa6
1-0

[Event "October Standard"]
[Site "SchemingMind.com"]
[Date "2005.10.08"]
[Round "-"]
[White "CHED"]
[Black "Atomov"]
[Result "1-0"]
[WhiteCountry "USA"]
[BlackCountry "HUN"]
[WhiteElo "1576"]
[WhiteRD "90"]
[BlackElo "1714"]
[BlackRD "81"]
[GameID "27028"]

1. Nf3 d5 2. c4 e6 3. b3 Nf6 4. Bb2 Bc5 5. e3 a6 6. Be2 dxc4 7. bxc4 O-O 8. O-O Bd7 9. d4 Ba7 10. Nc3 Nc6
11. Qb3 Rb8 12. Rfd1 Qe7 13. d5 Na5 14. Qc2 Rfd8 15. Ne4 exd5 16. Nxf6+ gxf6 17. Rxd5 c5 18. Rh5 f5 19. Rg5+ Kf8 20. Bg7+ Ke8
21. Bh6 Be6 22. Rg8+ Kd7 23. Rd1+ Kc6 24. Qa4+ b5 25. cxb5+ axb5 26. Ne5+ Kc7 27. Qxa5+ Bb6 28. Qxb5 Rxd1+ 29. Bxd1 Rxg8 30. Qc6+ Kb8
31. Qxb6+ Kc8 32. Be2 Bd5 33. Nc6 Bxc6 34. Qxc6+ Qc7 35. Ba6+ Kb8 36. Bf4
1-0

[Event "October Standard"]
[Site "SchemingMind.com"]
[Date "2005.10.08"]
[Round "-"]
[White "CHED"]
[Black "lucyjugs"]
[Result "1-0"]
[WhiteCountry "USA"]
[BlackCountry "GBR"]
[WhiteElo "1576"]
[WhiteRD "90"]
[BlackElo "1299"]
[BlackRD "62"]
[GameID "27029"]

1. Nf3 d5 2. g3 Bf5 3. Bg2 e6 4. O-O Nf6 5. d3 c6 6. Nbd2 Nbd7 7. c4 Rc8 8. a3 Bd6 9. b4 O-O 10. c5 Bc7
11. Bb2 Re8 12. Nh4 a6 13. Nxf5 exf5 14. Nf3 Ne5 15. Nxe5 Bxe5 16. d4 Bb8 17. Bh3 g6 18. Bc1 Re7 19. Bg5 Kg7 20. Qc1
1-0

[Event "October Standard"]
[Site "SchemingMind.com"]
[Date "2005.10.08"]
[Round "-"]
[White "loco61"]
[Black "CHED"]
[Result "0-1"]
[WhiteCountry "ENG"]
[BlackCountry "USA"]
[WhiteElo "1549"]
[WhiteRD "60"]
[BlackElo "1552"]
[BlackRD "104"]
[GameID "27030"]

1. e4 d6 2. d4 Nf6 3. Nc3 g6 4. Bd3 Bg7 5. Be3 O-O 6. Nf3 Nbd7 7. O-O Ng4 8. Bd2 e5 9. d5 Nc5 10. Be2 f5
11. h3 fxe4 12. hxg4 exf3 13. Bxf3 Qh4 14. g3 Qe7 15. b4 Nd7 16. Ne4 Nf6 17. Bg5 h6 18. Be3 Nh7 19. c4 Nf6 20. a4 Bd7
21. Kg2 a6 22. g5 Nxe4 23. Bxe4 Bf5 24. Bxf5 Rxf5 25. gxh6 Bh8 26. Qg4 Kh7 27. Qh3 Raf8 28. g4 R5f7 29. g5 e4 30. Ra2 Rf3
31. Qh4 Be5 32. Rh1 Bf4 33. Re1 Rf5 34. Rae2 Rxg5+
0-1

[Event "October Standard"]
[Site "SchemingMind.com"]
[Date "2005.10.08"]
[Round "-"]
[White "cnbcad"]
[Black "CHED"]
[Result "0-1"]
[WhiteCountry "USA"]
[BlackCountry "USA"]
[WhiteElo "1532"]
[WhiteRD "52"]
[BlackElo "1576"]
[BlackRD "90"]
[GameID "27031"]

1. e4 d6 2. d4 Nf6 3. Nc3 g6 4. Bg5 Bg7 5. Qd2 Nbd7 6. Bh6 Nh5 7. Bxg7 Nxg7 8. Qh6 O-O 9. Nf3 f6 10. Bc4+ e6
11. d5 e5 12. h4 Nb6 13. Be2 Qe7 14. h5 g5 15. Nh2 a6 16. Bg4 f5 17. exf5 Bxf5 18. Bxf5 Rxf5 19. Ne4 Nxd5 20. Ng4 Raf8
21. Nef6+ Nxf6 22. Ne3 Rxf2 23. Qxg5 Nd5 24. Qxe7 Nxe7 25. O-O-O Nc6 26. Rh3 Nd4 27. a3 Kf7 28. h6 Nge6 29. c3 Ne2+ 30. Kb1 N2f4
31. Rg3 Ke8 32. Ng4 Rxg2 33. Rxg2 Nxg2 34. Rg1 Ngf4 35. Ne3 c6 36. Ng4 Ke7 37. Nh2 Rf6 38. Ng4 Rg6 39. Kc2 Nc5 40. b4 Nd7
41. Kd2 Nf6 42. Nxf6 Rxg1 43. Nxh7 Kf7 44. Nf6 Kxf6 45. h7 Rh1
0-1

[Event "October Standard"]
[Site "SchemingMind.com"]
[Date "2005.10.08"]
[Round "-"]
[White "e_castle3"]
[Black "CHED"]
[Result "1-0"]
[WhiteCountry "PHI"]
[BlackCountry "USA"]
[WhiteElo "1704"]
[WhiteRD "113"]
[BlackElo "1552"]
[BlackRD "104"]
[GameID "27032"]

1. e4 d6 2. d4 Nf6 3. Bd3 g6 4. Nf3 Bg7 5. O-O O-O 6. Bg5 Nbd7 7. Qc1 Re8 8. c4 c5 9. d5 Nb6 10. Nc3 e6
11. a4 a5 12. Nb5 exd5 13. exd5 Bg4 14. Nd2 Qd7 15. f3 Bf5 16. Bxf5 gxf5 17. Nb3 Nh5 18. Bd2 Re2 19. Bxa5 Nc8 20. Qg5 Nf6
21. Rae1 Rxb2 22. Bc3 h6 23. Qh4 Rxb3 24. Bxf6 Rxa4 25. Bxg7 Kxg7 26. Ra1 Rbb4 27. Rxa4 Rxa4 28. Re1 Ra2 29. h3 Rc2 30. Ra1 Nb6
31. Qg3+ Kh7 32. Nxd6 Nxc4 33. Nxc4 Rxc4 34. Ra8
1-0

[Event "October Standard"]
[Site "SchemingMind.com"]
[Date "2005.10.08"]
[Round "-"]
[White "Atomov"]
[Black "CHED"]
[Result "1-0"]
[WhiteCountry "HUN"]
[BlackCountry "USA"]
[WhiteElo "1714"]
[WhiteRD "81"]
[BlackElo "1576"]
[BlackRD "90"]
[GameID "27033"]

1. e4 d6 2. d4 Nf6 3. Nc3 g6 4. Nf3 Bg7 5. Be2 O-O 6. O-O Nbd7 7. e5 Ne8 8. b3 dxe5 9. dxe5 e6 10. Bb2 b6
11. Nb5 Bb7 12. Qd3 a6 13. Rfd1 Bc6 14. Nbd4 Bb7 15. Nxe6 fxe6 16. Qxd7 Qxd7 17. Rxd7 a5 18. Ng5 Bc8 19. Re7 Rb8 20. Rd1 h6
21. Nxe6 Bxe6 22. Rxe6 b5 23. Rxg6
1-0

[Event "October Standard"]
[Site "SchemingMind.com"]
[Date "2005.10.08"]
[Round "-"]
[White "lucyjugs"]
[Black "CHED"]
[Result "0-1"]
[WhiteCountry "GBR"]
[BlackCountry "USA"]
[WhiteElo "1299"]
[WhiteRD "62"]
[BlackElo "1576"]
[BlackRD "90"]
[GameID "27034"]

1. e4 d6 2. d4 Nf6 3. Nc3 g6 4. Bc4 Bg7 5. Qe2 O-O 6. f3 Nbd7 7. h4 c5 8. d5 Ne5 9. g4 h5 10. gxh5 Nxh5
11. Kf2 a6 12. Nh3 Bxh3 13. Rxh3 b5 14. Nxb5 axb5 15. Bxb5 Rc8 16. Be3 f5 17. exf5 Rxf5 18. Rg1 Qf8 19. f4 Nxf4
0-1